Trayectoria de la psicología comunitaria en Chile: prácticas y conceptos
Guardat en:
| Autors principals: | , |
|---|---|
| Format: | Llibre |
| Idioma: | espanyol |
| Publicat: |
Valparaíso
Universidad de Valparaíso
2007
|
| Col·lecció: | Psicología
|
| Matèries: | |
| Etiquetes: |
Afegir etiqueta
Sense etiquetes, Sigues el primer a etiquetar aquest registre!
|
MARC
| LEADER | 00000nam a2200000 a 4500 | ||
|---|---|---|---|
| 001 | UCI9787 | ||
| 003 | CL-VaPUC | ||
| 008 | 081212e20070000CL |||||||||||||||||spa|d | ||
| 020 | |a 9789562140737 | ||
| 082 | 0 | 4 | |a 302.1 |b ALF |2 21 |
| 100 | 0 | |a Alfaro Inzunza, Jaime |e author |9 533721 | |
| 700 | 0 | |a Berroeta Torres, Héctor |e author |9 533722 | |
| 245 | 1 | 0 | |a Trayectoria de la psicología comunitaria en Chile: prácticas y conceptos |
| 300 | |a 594 p | ||
| 942 | |c BK | ||
| 945 | |d 20081212 00:00:00 |a rbrito | ||
| 260 | |a Valparaíso |b Universidad de Valparaíso |c 2007 | ||
| 650 | 7 | |a PSICOTERAPIA |2 CL-VaPUC |9 533723 | |
| 650 | 0 | |a Psicología social |9 222894 | |
| 650 | 0 | |a Políticas sociales |9 358116 | |
| 650 | 0 | |a Trabajo social |9 307856 | |
| 583 | |a last modification |c 20130101 10:22:28 |k Rodrigo Vera | ||
| 490 | 0 | |a Psicología | |
| 999 | |c 332254 |d 332252 | ||
| 952 | |0 0 |1 0 |4 0 |6 302_100000000000000_ALF_2007 |7 0 |8 A |9 419778 |a BIBGIM |b BIBGIM |d 2019-11-22 |i 4503694 |o 302.1 ALF 2007 |p 4503694 |r 2025-01-15 |w 2019-11-22 |y BK |k SSL | ||
| 952 | |0 0 |1 0 |4 0 |6 302_100000000000000_ALF_2007 |7 0 |8 A |9 419779 |a BIBGIM |b BIBGIM |d 2019-11-22 |i 4539974 |o 302.1 ALF 2007 |p 4539974 |r 2025-01-15 |w 2019-11-22 |y BK |k SSL | ||
| 952 | |0 0 |1 0 |4 0 |6 302_100000000000000_ALF_2007 |7 0 |8 A |9 419780 |a BIBGIM |b BIBGIM |d 2019-11-22 |i 4539982 |l 1 |o 302.1 ALF 2007 |p 4539982 |r 2025-01-15 |s 2024-11-12 |w 2019-11-22 |y BK |k SSL | ||
| 952 | |0 0 |1 0 |4 0 |6 302_100000000000000_ALF_2007 |7 0 |8 A |9 419781 |a BIBGIM |b BIBGIM |d 2019-11-22 |i 4539990 |o 302.1 ALF 2007 |p 4539990 |r 2025-01-15 |w 2019-11-22 |y BK |k SSL | ||